000 00834nam a2200253 i 4500
001 17518
003 ES-MaACL
005 20250911063526.0
007 t|
008 010326s2000 sp a |||| | spa d
020 _a84-86864-44-5
080 _a964"1907/58"
080 _a946.0"1931/39"
100 1 _aPaz, Abel,
_d1921-2009
_9242234
245 1 3 _aLa cuestión de Marruecos y la República Española /
_cAbel Paz.
250 _a1ª ed.
260 _aMadrid :
_bFundación de Estudios Libertarios Anselmo Lorenzo,
_c2000.
300 _a238 p. :
_bil. ;
_c21 cm.
651 4 _aMarruecos-
_xHistoria-
_y1912-1956, Protectorado español.
_99029
651 4 _aEspaña-
_xHistoria-
_y1931-1939, II República.
_98283
710 2 _aFundación Anselmo Lorenzo.
_94216
852 _aES-MaACL
_jL-24353
999 _c17518
_d17518